| 000 | 00695nam a2200241Ia 4500 | ||
|---|---|---|---|
| 003 | OSt | ||
| 005 | 20220926011155.0 | ||
| 006 | a|||||r|||| 00| 0 | ||
| 007 | ta | ||
| 008 | 220923b |||||||| |||| 00| 0 eng d | ||
| 037 | _cGeneral Book | ||
| 040 |
_aRTL _cRTL _beng |
||
| 041 |
_2eng _aeng |
||
| 082 | _aX:9583, M7 | ||
| 100 |
_aRalkin David B Ed. _9313665 |
||
| 245 | 0 | _aNew perspectives on comensation | |
| 260 |
_aNew Jersey _bPrentice-Hall _c1987 |
||
| 300 |
_axviii, 363p. _ccm. |
||
| 650 | _aPension | ||
| 700 |
_a Comez-Mejia Luis R Ed. _9313666 |
||
| 942 |
_hX:9583, M7 _cGB _2CC |
||
| 999 |
_c619276 _d619276 |
||